Літопис (Запис № 430078)

МАРК-запис
000 -LEADER
fixed length control field 00735nam a22002657a 4500
001 - CONTROL NUMBER
control field 49955
003 - CONTROL NUMBER IDENTIFIER
control field UA-OsUOA
005 - DATE AND TIME OF LATEST TRANSACTION
control field 20210621215423.0
007 - PHYSICAL DESCRIPTION FIXED FIELD--GENERAL INFORMATION
fixed length control field ta
008 - FIXED-LENGTH DATA ELEMENTS--GENERAL INFORMATION
fixed length control field 20140506b un ||||| |||| 00| 0 ukr d
040 ## - CATALOGING SOURCE
Original cataloging agency UA-OsUOA
Language of cataloging ukr
Transcribing agency UA-OsUOA
Modifying agency UA-OsUOA
041 ## - LANGUAGE CODE
Language code of text/sound track or separate title ukr
080 ## - UNIVERSAL DECIMAL CLASSIFICATION NUMBER
Universal Decimal Classification number 82-94
090 ## - LOCALLY ASSIGNED LC-TYPE CALL NUMBER (OCLC); LOCAL CALL NUMBER (OCLC)
Classification number (OCLC) (R) ; Classification number, CALL (RLIN) (NR) 82-94
Local cutter number (OCLC) ; Book number/undivided call number, CALL (RLIN) В27
100 ## - MAIN ENTRY--PERSONAL NAME
Personal name Величко С.
245 ## - TITLE STATEMENT
Title Літопис
Number of part/section of a work т. 1
260 ## - PUBLICATION, DISTRIBUTION, ETC. (IMPRINT)
Place of publication, distribution, etc К.
Name of publisher, distributor, etc Дніпро
Date of publication, distribution, etc 1991
300 ## - PHYSICAL DESCRIPTION
Extent 369 с.
490 ## - SERIES STATEMENT
Том/ позначення послідовності т. 1
650 #7 - SUBJECT ADDED ENTRY--TOPICAL TERM
Topical term or geographic name as entry element 82 Література. Літературознавство
Source of heading or term UDC
942 ## - ADDED ENTRY ELEMENTS (KOHA)
Koha item type Книги
Source of classification or shelving scheme Universal Decimal Classification
955 ## - COPY-LEVEL INFORMATION (RLIN)
Classification number, CCAL (RLIN) Наукові видання
Фонди
Withdrawn status Lost status Source of classification or shelving scheme Damaged status Not for loan Home library Current library Date acquired Source of acquisition Cost, normal purchase price Inventory number Total Checkouts Full call number Barcode Date last seen Price effective from Koha item type
    Universal Decimal Classification     Наукова бібліотека ІДУД Наукова бібліотека ІДУД 06/05/2014 311/2014 1.00 2135798   82-94 В27 2135798 14/09/2019 06/05/2014 Книги
    Universal Decimal Classification     Наукова бібліотека ІДУД Наукова бібліотека ІДУД 06/05/2014 311/2014 1.00 2135804   82-94 В27 2135804 14/09/2019 06/05/2014 Книги
    Universal Decimal Classification     Наукова бібліотека ІДУД Наукова бібліотека ІДУД 22/09/2015 325/2015 1.00 2138606   82-94 В27 2138606 15/09/2019 22/09/2015 Книги